Famous Novels: Name The Author (Multiple Choice) - Statistics

General Stats
  • This quiz has been taken 342 times
  • The average score is 6 of 10
Answer Stats
Question Answer % Correct
The Turn Of The Screw (1898) Henry James
75%
The Secret Garden (1911) Frances Hodgson Burnett
73%
Brighton Rock (1938) Graham Greene
73%
Northanger Abbey (1817) Jane Austen
63%
The Lovely Bones (2002) Alice Sebold
62%
Dombey and Son (1848) Charles Dickens
58%
The Chrysalids (1955) John Wyndham
58%
The Thirty-Nine Steps (1915) John Buchan
54%
War Horse (1982) Michael Morpurgo
40%
A Kind Of Loving (1960) Stan Barstow
29%
No matching quizzes found
Score Distribution
Percent of People with Each Score
Percentile by Number Answered
Your Score History
You have not taken this quiz